Primary Preventive Dentistry (Record no. 2797)

MARC details
000 -LEADER
fixed length control field 00564nam a22002057a 4500
003 - CONTROL NUMBER IDENTIFIER
control field OSt
005 - DATE AND TIME OF LATEST TRANSACTION
control field 20151203140442.0
008 - FIXED-LENGTH DATA ELEMENTS--GENERAL INFORMATION
fixed length control field 151203b xxu||||| |||| 00| 0 eng d
020 ## - INTERNATIONAL STANDARD BOOK NUMBER
International Standard Book Number 0130918911
040 ## - CATALOGING SOURCE
Transcribing agency DNLM
082 ## - DEWEY DECIMAL CLASSIFICATION NUMBER
Classification number WU29 H212p 2004
100 ## - MAIN ENTRY--PERSONAL NAME
Personal name Harris, Norman O.; Garcia-Godoy, Franklin
9 (RLIN) 6466
245 ## - TITLE STATEMENT
Title Primary Preventive Dentistry
250 ## - EDITION STATEMENT
Edition statement 6th ed.
260 ## - PUBLICATION, DISTRIBUTION, ETC. (IMPRINT)
Place of publication, distribution, etc. New Jersey; Pearson, 2004
300 ## - PHYSICAL DESCRIPTION
Extent xiv,706p; ill: 24.5cm
504 ## - BIBLIOGRAPHY, ETC. NOTE
Bibliography, etc Answers, references, glossary, & index included
650 ## - SUBJECT ADDED ENTRY--TOPICAL TERM
Topical term or geographic name as entry element Dental
9 (RLIN) 3287
942 ## - ADDED ENTRY ELEMENTS (KOHA)
Source of classification or shelving scheme Other/Generic Classification Scheme
Koha item type Open Shelf
Holdings
Withdrawn status Lost status Source of classification or shelving scheme Damaged status Not for loan Home library Current library Date acquired Source of acquisition Inventory number Total Checkouts Full call number Barcode Date last seen Koha item type
    Other/Generic Classification Scheme     MUST Main Library MUST Main Library 03/12/2015   08/29804   WU29 H212p 2004 2015-2907 03/12/2015 Open Shelf